000 00578nam a2200181Ia 4500
005 20250508161629.0
008 008 250505s9999 xx 000 0 eng d
037 _aTextual
040 _aFEDL
_beng
_cFEDL
041 _aeng
_2eng
084 _a324.273, HEI
_qFEDL
100 _aHeidenheimer Arnold J. Ed.
_9771107
245 0 _aComparative political finance : The financeing of organizations and election campaigns
260 _aLexington
_bD. C. Heath and Company
_c1970
300 _axii,195p
942 _cTEXL
_h324.273, HEI
999 _c1371220
_d1371220